Top 20 Words Starting with QU - Statistics

General Stats
  • This quiz has been taken 2,485 times
  • The average score is 9 of 20
Answer Stats
freq word % Correct
20 quit
82%
160 queen
72%
126 quick
72%
130 quiet
70%
694 question
63%
412 quite
61%
67 quote
61%
351 quality
45%
167 quarter
45%
29 queue
43%
67 quantity
39%
29 quid
37%
22 quota
34%
25 query
29%
43 qualify
23%
16 quarrel
21%
18 quotation
20%
24 quarry
18%
49 qualification
11%
29 questionnaire
6%
No matching quizzes found
Score Distribution
Percent of People with Each Score
Percentile by Number Answered
Your Score History
You have not taken this quiz